000 00667nam a2200229Ia 4500
003 OSt
005 20220923211652.0
006 a|||||r|||| 00| 0
007 ta
008 Pun
024 _a42,010
037 _cTextual
040 _aARTS
_cARTS
_bPun
041 _2Pun
_aPun
082 _aO153:g, H9
100 _aਕੋਹਲੀ, ਸੁਰਿੰਦਰ ਸਿੰਘ
_9156370
245 0 _aਪੰਜਾਬੀ ਸਾਹਿਤ
_b ਵਸਤੂ ਤੇ ਵਿਚਾਰ
260 _c1949
650 _aਪੰਜਾਬੀ ਸਾਹਿਤ
942 _hO153:g, H9
_cTEXL
_2CC
999 _c302396
_d302396